| 000 | 01275ncm0a2200325 4500 | ||
|---|---|---|---|
| 001 | RU\NLR\ONIZ\198185 | ||
| 005 | 20250624194726.0 | ||
| 010 | _a5-8114-0609-6 | ||
| 035 | _a(NLR Aleph) 010888810 | ||
| 090 |
_a10540560 _c10540560 |
||
| 100 | _a20140520d2005 |||y0rusy50 ca | ||
| 101 | 0 | _arus | |
| 102 | _aRU | ||
| 200 | 1 |
_aАккордовая техника для начинающих гитаристов _bНоты _eпопул. руководство _fВ. Л. Бровко |
|
| 205 | _a3-е изд., стер. | ||
| 210 |
_aСанкт-Петербург _cЛань _d2005 |
||
| 215 |
_a36 с. _d13х20 см |
||
| 225 | 1 | _aМир культуры, истории и философии | |
| 606 | 1 |
_aГитара классическая для начинающих _yРоссия _z20-21 век _jНоты _2nlr_sh |
|
| 686 |
_aЩ956.419.1(2Р=Рус) _vLBC/SL _2rubbk |
||
| 700 | 1 |
_9z02790 _aБровко _bВ. Л. _f1950- _gВалерий Леонардович _4230 _7ca |
|
| 790 | 1 |
_9z02700 _aBrovko _bV. L. _f1950- _gValerij Leonardovič _4230 _7ba |
|
| 801 | 0 |
_aRU _bNLR _c20140520 _gPSBO |
|
| 801 | 1 |
_aRU _bNLR _c20140520 _2rusmarc |
|
| 801 | 2 |
_aRU _bNLR _c20151106 |
|
| 852 |
_aNLR _bМ _jК-2/4564 _p280529 _t1 |
||
| 942 | _cSCORE | ||
| 980 | _aNB | ||
| 980 | _aONIZ | ||